[Event "13th 4NCL Congress"]
[Site "Wakefield"]
[Date "2017.04.07"]
[Round "1"]
[Board "1"]
[White "Sowray, Peter J"]
[Black "Bimpson, Tom"]
[Result "1-0"]
[WhiteElo "2305"]
[BlackElo "2060"]
[PlyCount "87"]
[EventDate "2017.04.07"]
[EventRounds "5"]
[EventCountry "ENG"]

1. d4 d6 2. c4 e5 3. d5 g6 4. e4 Bg7 5. Nc3 Ne7 6. h4 h5 7. Bd3 Na6 8. Nh3 c6
9. Be3 Qa5 10. Qd2 cxd5 11. cxd5 O-O 12. Nb5 Qxd2+ 13. Kxd2 Bxh3 14. Rxh3 Nc8
15. Rc1 f5 16. f3 f4 17. Bf2 Rd8 18. a3 Nc5 19. Bxc5 dxc5 20. Nc7 Rb8 21. Ne6
Rd7 22. Rxc5 Nd6 23. Rh1 Bf6 24. b4 a6 25. Ke2 Bd8 26. Nxd8 Rbxd8 27. Rhc1 Kf7
28. Kf2 Kf6 29. a4 Rg8 30. Rc7 Rgg7 31. Rxd7 Rxd7 32. g3 fxg3+ 33. Kxg3 g5 34.
hxg5+ Kxg5 35. Rg1 Rc7 36. Kf2+ Kh6 37. f4 Nf7 38. Ke3 Rc3 39. fxe5 Nxe5 40.
Kd4 Rxd3+ 41. Kxe5 h4 42. d6 h3 43. Ke6 h2 44. Rh1 1-0

[Event "13th 4NCL Congress"]
[Site "Wakefield"]
[Date "2017.04.07"]
[Round "1"]
[Board "2"]
[White "Moore, Gerald"]
[Black "Jaunooby, Ali Reza"]
[Result "1-0"]
[WhiteElo "2057"]
[BlackElo "2189"]
[PlyCount "81"]
[EventDate "2017.04.07"]
[EventRounds "5"]
[EventCountry "ENG"]

1. Nf3 f5 2. g3 g6 3. Bg2 Bg7 4. d4 Nf6 5. O-O O-O 6. c4 d6 7. Nc3 c6 8. d5 c5
9. Qc2 a6 10. e4 Nxe4 11. Nxe4 fxe4 12. Ng5 b5 13. Bxe4 bxc4 14. Be3 Qb6 15.
Rab1 a5 16. h4 Na6 17. h5 Nb4 18. Qe2 Bf5 19. hxg6 hxg6 20. Qf3 Bh6 21. g4 Bxg5
22. gxf5 Bxe3 23. Qxe3 Rf6 24. fxg6 e6 25. Kg2 Nxd5 26. Qg5 Nf4+ 27. Kg3 Qd8
28. Qh6 Ra7 29. Rh1 Nxg6 30. Bxg6 Rxg6+ 31. Qxg6+ Rg7 32. Qxg7+ Kxg7 33. Rbg1
Qf6 34. Rh4 Qxb2 35. Rf4 Qd4 36. Kf3+ Kh6 37. Rxd4 cxd4 38. Ke4 e5 39. f4 d3
40. f5 d2 41. f6 1-0

[Event "13th 4NCL Congress"]
[Site "Wakefield"]
[Date "2017.04.07"]
[Round "1"]
[Board "3"]
[White "Jones, Steven A"]
[Black "Savage, Nicholas W"]
[Result "1-0"]
[WhiteElo "2167"]
[BlackElo "2026"]
[PlyCount "125"]
[EventDate "2017.04.07"]
[EventRounds "5"]
[EventCountry "ENG"]

1. e4 e5 2. Nf3 Nc6 3. Bb5 a6 4. Ba4 Nf6 5. O-O Be7 6. Re1 b5 7. Bb3 d6 8. c3
O-O 9. h3 Re8 10. d4 Bb7 11. Nbd2 Bf8 12. d5 Nb8 13. Nf1 Nbd7 14. N3h2 Nc5 15.
Bc2 c6 16. b4 Ncd7 17. dxc6 Bxc6 18. Bg5 h6 19. Bxf6 Nxf6 20. Ng4 a5 21. Nxf6+
Qxf6 22. Bb3 axb4 23. cxb4 d5 24. exd5 Bd7 25. a3 Qg6 26. Re3 f5 27. d6+ Kh8
28. Qd5 Be6 29. Qxb5 f4 30. Rc3 Bxb3 31. Rxb3 Qxd6 32. Re1 g5 33. Rd3 Qg6 34.
f3 e4 35. fxe4 Rxe4 36. Red1 Bg7 37. Rd8+ Rxd8 38. Rxd8+ Kh7 39. Qd3 h5 40. Rd6
Re6 41. Qxg6+ Rxg6 42. Rd5 Ra6 43. Rxg5 Rxa3 44. Rxh5+ Kg6 45. Rd5 f3 46. g3
Ra2 47. Nd2 Bc3 48. Nxf3 Bxb4 49. g4 Ba5 50. Rb5 Bd8 51. Ne5+ Kg7 52. Rb7+ Kf6
53. Nc6 Ba5 54. Nxa5 Rxa5 55. Kg2 Ra3 56. Rb5 Rc3 57. Rf5+ Kg6 58. Rf3 Rc1 59.
Kg3 Ra1 60. h4 Rb1 61. Ra3 Rb4 62. Ra6+ Kg7 63. h5 1-0

[Event "13th 4NCL Congress"]
[Site "Wakefield"]
[Date "2017.04.07"]
[Round "1"]
[Board "4"]
[White "Wells, Jonathan C"]
[Black "Spence, David J"]
[Result "1/2-1/2"]
[WhiteElo "2018"]
[BlackElo "2165"]
[PlyCount "68"]
[EventDate "2017.04.07"]
[EventRounds "5"]
[EventCountry "ENG"]

1. d4 Nf6 2. c4 e6 3. g3 c5 4. d5 exd5 5. cxd5 b5 6. e4 Nxe4 7. Bg2 Nd6 8. Nf3
Be7 9. O-O O-O 10. Bf4 Na6 11. a4 b4 12. Nbd2 Nc7 13. Bxd6 Bxd6 14. Ne4 Ne8 15.
Rc1 Ba6 16. Re1 Rc8 17. Qd2 f5 18. Nxd6 Nxd6 19. Ne5 Qc7 20. f4 Rfe8 21. b3 Qb7
22. g4 Ne4 23. Qc2 c4 24. Bxe4 fxe4 25. bxc4 b3 26. Qg2 b2 27. Rb1 Bxc4 28.
Rxb2 Qxd5 29. Qxe4 Qc5+ 30. Qe3 d6 31. Qxc5 Rxc5 32. Nd3 Rxe1+ 33. Nxe1 a5 34.
Nf3 h6 1/2-1/2

[Event "13th 4NCL Congress"]
[Site "Wakefield"]
[Date "2017.04.07"]
[Round "1"]
[Board "5"]
[White "Mason, Donald J"]
[Black "Jaszkiwskyj, Peter"]
[Result "1-0"]
[WhiteElo "2150"]
[BlackElo "1976"]
[PlyCount "75"]
[EventDate "2017.04.07"]
[EventRounds "5"]
[EventCountry "ENG"]

1. d4 d5 2. c4 c6 3. Nc3 Nf6 4. cxd5 cxd5 5. Bf4 Nc6 6. e3 a6 7. Bd3 Qb6 8.
Nge2 e6 9. O-O Be7 10. h3 O-O 11. a3 Bd7 12. Na4 Qd8 13. Rc1 h6 14. Nc5 Bxc5
15. Rxc5 Qe7 16. b4 Rfc8 17. Qb3 Be8 18. Rfc1 Nd7 19. R5c3 Nf6 20. Bb1 Nh5 21.
Qc2 f5 22. g4 Nxf4 23. Nxf4 g6 24. f3 Kf7 25. Qg2 Qf6 26. h4 Bd7 27. g5 hxg5
28. hxg5 Qg7 29. Nd3 Rh8 30. a4 Rh5 31. b5 axb5 32. axb5 Nxd4 33. Rc7 Rxg5 34.
Rxd7+ Kf8 35. Rxg7 Ne2+ 36. Kf1 Rxg2 37. Rcc7 Rh2 38. Ne5 1-0

[Event "13th 4NCL Congress"]
[Site "Wakefield"]
[Date "2017.04.07"]
[Round "1"]
[Board "6"]
[White "Bielby, Paul R"]
[Black "Jarmany, John"]
[Result "1/2-1/2"]
[WhiteElo "1939"]
[BlackElo "2144"]
[PlyCount "66"]
[EventDate "2017.04.07"]
[EventRounds "5"]
[EventCountry "ENG"]

1. e4 e5 2. Nf3 Nc6 3. Bb5 Nf6 4. d3 Bc5 5. O-O d6 6. c3 O-O 7. Nbd2 Ne7 8. d4
exd4 9. cxd4 Bb6 10. Re1 c6 11. Bd3 Ng6 12. Nf1 Bg4 13. Be3 c5 14. dxc5 Ba5 15.
N1d2 dxc5 16. Be2 Qe7 17. Qc2 Rac8 18. h3 Bd7 19. Red1 Rfe8 20. Nc4 Bc7 21. Bg5
Bc6 22. Nfd2 b5 23. Bxf6 Qxf6 24. Ne3 Qf4 25. g3 Bxe4 26. Nxe4 Qxe4 27. Bxb5
Qxc2 28. Nxc2 Re7 29. Kg2 Rb8 30. a4 Ba5 31. Rd5 Rc7 32. Rad1 Kf8 33. Ne3 Rcc8
 1/2-1/2

[Event "13th 4NCL Congress"]
[Site "Wakefield"]
[Date "2017.04.07"]
[Round "1"]
[Board "7"]
[White "Dong, Bao Nghia"]
[Black "Webster, Richard J"]
[Result "1-0"]
[WhiteElo "2103"]
[BlackElo "1939"]
[PlyCount "53"]
[EventDate "2017.04.07"]
[EventRounds "5"]
[EventCountry "ENG"]

1. d4 e6 2. Nf3 Nf6 3. Bf4 c5 4. c3 Nc6 5. e3 d5 6. Bb5 a6 7. Bxc6+ bxc6 8. Ne5
Bd7 9. O-O Be7 10. Nd2 O-O 11. Qa4 cxd4 12. cxd4 c5 13. Nxd7 Qxd7 14. Qa5 Rfc8
15. Rfc1 Bd8 16. Qc3 Bb6 17. Qb3 Rc6 18. dxc5 Bxc5 19. Nf3 Bd6 20. Bxd6 Qxd6
21. Qb7 Rxc1+ 22. Rxc1 Qb8 23. Qc6 Qe8 24. b4 Qxc6 25. Rxc6 Kf8 26. Ne5 Ra7 27.
Rc8+ 1-0

[Event "13th 4NCL Congress"]
[Site "Wakefield"]
[Date "2017.04.07"]
[Round "1"]
[Board "8"]
[White "Wynarczyk, Raymond"]
[Black "Stewart, Ashley"]
[Result "0-1"]
[WhiteElo "1932"]
[BlackElo "2099"]
[PlyCount "206"]
[EventDate "2017.04.07"]
[EventRounds "5"]
[EventCountry "ENG"]

1. e4 c5 2. Nf3 Nc6 3. d4 cxd4 4. Nxd4 g6 5. Nc3 Bg7 6. Be3 Nf6 7. Bc4 Qa5 8.
O-O O-O 9. h3 d6 10. Nxc6 bxc6 11. Qd2 Rb8 12. Bb3 c5 13. e5 dxe5 14. Ne4 Qxd2
15. Nxd2 Ba6 16. Bc4 Bxc4 17. Nxc4 Nd5 18. Rfe1 Rb4 19. b3 Nxe3 20. Rxe3 Rd8
21. Nxe5 Rd2 22. Rae1 e6 23. Nd3 Rd4 24. R3e2 Rxe2 25. Rxe2 c4 26. Nc5 c3 27.
g3 Rd1+ 28. Kg2 Kf8 29. Nd3 Ke7 30. Kf3 Kd6 31. Re1 Rd2 32. Re2 Rd1 33. Re1
Rxe1 34. Nxe1 Kd5 35. Ke3 Bd4+ 36. Ke2 h6 37. Ng2 e5 38. f3 e4 39. Ne1 f5 40.
Ng2 Be5 41. f4 Bf6 42. Ne3+ Kc5 43. g4 Bd4 44. Ng2 Kd5 45. Nh4 fxg4 46. hxg4 g5
47. fxg5 hxg5 48. Nf5 Bc5 49. Ne3+ Ke5 50. Ng2 Ba3 51. Kd1 Kd4 52. Ke2 Bb2 53.
Ne3 Bc1 54. Nf1 Ke5 55. Ne3 a6 56. b4 Kd4 57. Nf5+ Kc4 58. Nd6+ Kd4 59. Nf7 Bf4
60. Nd8 Kc4 61. Ne6 Bc1 62. a3 Bxa3 63. Nxg5 Kd5 64. Nh3 Ke5 65. Nf2 Bxb4 66.
Nd1 a5 67. Ne3 a4 68. g5 Bf8 69. g6 Kf6 70. Nd5+ Kxg6 71. Nxc3 a3 72. Ke3 Kf5
73. Na2 Ke5 74. Nc3 Bc5+ 75. Ke2 Kd4 76. Na2 Kc4 77. Kd2 Bd4 78. Ke2 Kd5 79.
Nb4+ Ke6 80. Na2 Ke5 81. Nb4 Kf4 82. Nd5+ Kf5 83. Nb4 Bb2 84. Ke3 Bc1+ 85. Ke2
Ke5 86. Na2 Bh6 87. Nb4 Kd4 88. Na2 Bg5 89. Kf2 Ke5 90. Ke2 Kf5 91. Nb4 Kg4 92.
Na2 Kf4 93. Nb4 Bd8 94. Nd5+ Ke5 95. Nb4 Kd4 96. Na2 Ba5 97. Kf2 e3+ 98. Ke2
Bd2 99. Kf3 Ke5 100. Ke2 Kf4 101. c3 Ke4 102. Nb4 Bxc3 103. Na2 Bd2 0-1

[Event "13th 4NCL Congress"]
[Site "Wakefield"]
[Date "2017.04.07"]
[Round "1"]
[Board "10"]
[White "Johnson, Paul A"]
[Black "Burnett, Jim"]
[Result "0-1"]
[WhiteElo "1871"]
[BlackElo "2083"]
[PlyCount "80"]
[EventDate "2017.04.07"]
[EventRounds "5"]
[EventCountry "ENG"]

1. d4 d5 2. c4 e6 3. Nc3 c6 4. Nf3 dxc4 5. e4 b5 6. a4 Bb4 7. axb5 cxb5 8. Bd2
Qb6 9. b3 Bxc3 10. Bxc3 b4 11. Bd2 c3 12. Be3 Nf6 13. Bd3 h6 14. h3 Qb7 15. Qc2
Bd7 16. Ne5 O-O 17. O-O Rd8 18. Ra2 Bb5 19. f3 Bxd3 20. Nxd3 Nc6 21. Nc5 Qb5
22. Rd1 a5 23. Qf2 Nd7 24. Nd3 a4 25. bxa4 Rxa4 26. Rc2 Rda8 27. Qg3 Kh7 28.
Qe1 Ra2 29. Rcc1 c2 30. Rd2 b3 31. d5 Nce5 32. Nxe5 Nxe5 33. Qg3 Ra1 34. Qxe5
Rxc1+ 35. Kh2 Rh1+ 36. Kxh1 c1=Q+ 37. Kh2 f6 38. Qxe6 Qc8 39. Qf7 Qce8 40. Qc7
Qe5+ 0-1

[Event "13th 4NCL Congress"]
[Site "Wakefield"]
[Date "2017.04.07"]
[Round "1"]
[Board "11"]
[White "Murphy, Conor E"]
[Black "Kennedy, Craig"]
[Result "1-0"]
[WhiteElo "2077"]
[BlackElo "1844"]
[PlyCount "37"]
[EventDate "2017.04.07"]
[EventRounds "5"]
[EventCountry "ENG"]

1. Nf3 g6 2. g3 Bg7 3. c4 d6 4. Nc3 e5 5. Bg2 f5 6. d3 Nf6 7. O-O O-O 8. Rb1 a5
9. a3 Nc6 10. b4 axb4 11. axb4 h6 12. b5 Ne7 13. c5 g5 14. Qb3+ Kh8 15. b6 Ng6
16. bxc7 Qxc7 17. Nb5 Qxc5 18. Be3 Qd5 19. Nh4 1-0

[Event "13th 4NCL Congress"]
[Site "Wakefield"]
[Date "2017.04.07"]
[Round "1"]
[Board "12"]
[White "Towers, Brian"]
[Black "Prior, Stephen Cv"]
[Result "1-0"]
[WhiteElo "1783"]
[BlackElo "2066"]
[PlyCount "101"]
[EventDate "2017.04.07"]
[EventRounds "5"]
[EventCountry "ENG"]

1. d4 Nf6 2. Bf4 d5 3. e3 c5 4. c3 Nc6 5. Nd2 Qb6 6. Qb3 c4 7. Qc2 Bg4 8. b3
cxb3 9. axb3 e6 10. Bd3 Rc8 11. Qa2 Be7 12. h3 Bh5 13. Ngf3 Bg6 14. Bxg6 hxg6
15. O-O O-O 16. c4 Qd8 17. Ne5 a6 18. c5 Nxe5 19. Bxe5 Nd7 20. Bg3 Bf6 21. Bd6
Be7 22. Bg3 Bf6 23. Bd6 Re8 24. b4 e5 25. Qxd5 exd4 26. exd4 Rc6 27. Rae1 Nf8
28. Rxe8 Qxe8 29. Bxf8 Kxf8 30. Nf3 Re6 31. Qxb7 Qd8 32. d5 Re7 33. Qxa6 Qxd5
34. c6 Kg8 35. b5 Qc5 36. Qa4 Kh7 37. Qb3 Qb6 38. Qd3 Qc5 39. Rd1 Qb6 40. Nd4
Kg8 41. Nb3 Re5 42. Rc1 Qc7 43. Nc5 Rf5 44. Nd7 Bd8 45. b6 Qf4 46. Rf1 Bxb6 47.
Nxb6 Rc5 48. Qd8+ Kh7 49. Nd5 Qh6 50. c7 Rc1 51. c8=Q 1-0

[Event "13th 4NCL Congress"]
[Site "Wakefield"]
[Date "2017.04.07"]
[Round "1"]
[Board "13"]
[White "Price, Gwilym T"]
[Black "Robinson, Brian"]
[Result "1-0"]
[WhiteElo "1758"]
[BlackElo "1576"]
[PlyCount "43"]
[EventDate "2017.04.07"]
[EventRounds "5"]
[EventCountry "ENG"]

1. e4 e6 2. d4 d5 3. Nd2 dxe4 4. Nxe4 Bd7 5. Nf3 Bc6 6. Bd3 Nd7 7. c3 Ngf6 8.
Nxf6+ Nxf6 9. O-O Be7 10. Ne5 Qd5 11. Nxc6 Qxc6 12. Re1 O-O 13. Bg5 Rad8 14.
Re3 Nd5 15. Bxe7 Nxe3 16. fxe3 Rd5 17. Bxf8 Rg5 18. Qe2 Kxf8 19. Rf1 Qd6 20.
Qf3 Qe7 21. Qxb7 Rh5 22. Qc8+ 1-0

[Event "13th 4NCL Congress"]
[Site "Wakefield"]
[Date "2017.04.08"]
[Round "2"]
[Board "1"]
[White "Burnett, Jim"]
[Black "Sowray, Peter J"]
[Result "0-1"]
[WhiteElo "2083"]
[BlackElo "2305"]
[PlyCount "78"]
[EventDate "2017.04.07"]
[EventRounds "5"]
[EventCountry "ENG"]

1. d4 Nf6 2. c4 c5 3. d5 b5 4. cxb5 a6 5. bxa6 g6 6. Nc3 Bxa6 7. g3 d6 8. Bg2
Bg7 9. Nf3 O-O 10. O-O Nbd7 11. Qc2 Qb6 12. Rb1 Qb7 13. b3 Nb6 14. Bb2 Nbxd5
15. Nxd5 Nxd5 16. Bxg7 Kxg7 17. Rfd1 Rad8 18. Ng5 e6 19. Qb2+ Kg8 20. Ne4 Qe7
21. Rxd5 exd5 22. Nf6+ Kh8 23. Nd7+ Kg8 24. Nf6+ Kh8 25. Nd7+ d4 26. Nxf8 Qxe2
27. Qc1 Rxf8 28. b4 cxb4 29. Rxb4 d3 30. Bf1 Qe5 31. Qd2 Kg8 32. Rb3 Qd5 33.
Bg2 Qd4 34. Bf1 Bc4 35. Rc3 Rb8 36. Bxd3 Rb1+ 37. Kg2 Bd5+ 38. Kh3 Rg1 39. Rc8+
Kg7 0-1

[Event "13th 4NCL Congress"]
[Site "Wakefield"]
[Date "2017.04.08"]
[Round "2"]
[Board "2"]
[White "Murphy, Conor E"]
[Black "Jones, Steven A"]
[Result "1-0"]
[WhiteElo "2077"]
[BlackElo "2167"]
[PlyCount "29"]
[EventDate "2017.04.07"]
[EventRounds "5"]
[EventCountry "ENG"]

1. Nf3 g6 2. g3 Bg7 3. Bg2 Nf6 4. c4 O-O 5. Nc3 d6 6. O-O e5 7. Rb1 Nc6 8. b4
Bf5 9. d3 Qd7 10. Ng5 h6 11. e4 hxg5 12. exf5 Qxf5 13. Ne4 Rad8 14. Nxg5 d5 15.
Bh3 1-0

[Event "13th 4NCL Congress"]
[Site "Wakefield"]
[Date "2017.04.08"]
[Round "2"]
[Board "3"]
[White "Moore, Gerald"]
[Black "Mason, Donald J"]
[Result "1/2-1/2"]
[WhiteElo "2057"]
[BlackElo "2150"]
[PlyCount "64"]
[EventDate "2017.04.07"]
[EventRounds "5"]
[EventCountry "ENG"]

1. Nf3 e6 2. c4 f5 3. g3 Nf6 4. Bg2 Be7 5. O-O O-O 6. b3 d6 7. d4 a5 8. Nc3 Ne4
9. Bb2 Nxc3 10. Bxc3 Nd7 11. Qc2 Qe8 12. e4 f4 13. e5 dxe5 14. dxe5 Qh5 15.
Rae1 Nc5 16. h3 Bd7 17. g4 Qh6 18. Nd4 Be8 19. Qe2 Bg6 20. Rd1 Rad8 21. Bxa5
Bd3 22. Rxd3 Nxd3 23. Qxd3 Bc5 24. Bxc7 Rxd4 25. Qf3 Rd2 26. Bd6 Bxd6 27. exd6
Rxd6 28. Re1 b6 29. b4 Qg6 30. c5 bxc5 31. bxc5 Rd3 32. Qc6 f3 1/2-1/2

[Event "13th 4NCL Congress"]
[Site "Wakefield"]
[Date "2017.04.08"]
[Round "2"]
[Board "4"]
[White "Towers, Brian"]
[Black "Dong, Bao Nghia"]
[Result "0-1"]
[WhiteElo "1783"]
[BlackElo "2103"]
[PlyCount "110"]
[EventDate "2017.04.07"]
[EventRounds "5"]
[EventCountry "ENG"]

1. d4 Nf6 2. Bf4 c5 3. e3 Qb6 4. Nc3 a6 5. a3 d6 6. Nf3 Bf5 7. Rb1 e6 8. Bd3
Bg4 9. Be2 Be7 10. h3 Bh5 11. O-O O-O 12. b4 cxd4 13. exd4 Qc6 14. Rb3 b5 15.
d5 Qc8 16. dxe6 fxe6 17. Bg5 Bf7 18. Bxf6 gxf6 19. Ne4 d5 20. Rc3 Nc6 21. Nc5
e5 22. Nh2 Kh8 23. Bh5 d4 24. Rg3 Bxc5 25. bxc5 Nd8 26. Bxf7 Rxf7 27. c3 Qxc5
28. cxd4 exd4 29. Rd3 Nc6 30. Nf3 Rd8 31. Qb3 Qc4 32. Rfd1 Qxb3 33. Rxb3 Rfd7
34. Ne1 Na5 35. Rb4 d3 36. a4 Nc6 37. Rb3 d2 38. Nf3 bxa4 39. Ra3 Nd4 40. Nxd4
Rxd4 41. Ra2 Kg7 42. Kf1 f5 43. Ke2 f4 44. Raxd2 Rxd2+ 45. Rxd2 Rxd2+ 46. Kxd2
f3 47. gxf3 Kg6 48. Kc2 Kg5 49. Kb2 Kf4 50. h4 h5 51. Ka3 Kxf3 52. Kxa4 Kxf2
53. Ka5 Kg3 54. Kxa6 Kxh4 55. Kb5 Kg3 0-1

[Event "13th 4NCL Congress"]
[Site "Wakefield"]
[Date "2017.04.08"]
[Round "2"]
[Board "5"]
[White "Stewart, Ashley"]
[Black "Price, Gwilym T"]
[Result "1-0"]
[WhiteElo "2099"]
[BlackElo "1758"]
[PlyCount "123"]
[EventDate "2017.04.07"]
[EventRounds "5"]
[EventCountry "ENG"]

1. c4 g6 2. Nc3 Bg7 3. g3 d6 4. Bg2 e5 5. d3 f5 6. e3 Nf6 7. Nge2 Nc6 8. O-O
O-O 9. b3 Qe8 10. Bb2 g5 11. Nd5 Nxd5 12. cxd5 Ne7 13. f4 exf4 14. Bxg7 Kxg7
15. exf4 Ng6 16. Qd2 gxf4 17. Nxf4 Nxf4 18. Rxf4 b6 19. Rc1 Rf7 20. Rfc4 Qd8
21. Qc3+ Qf6 22. Rxc7 Ba6 23. Qxf6+ Kxf6 24. Rxf7+ Kxf7 25. Rc7+ Kf6 26. Rxh7
Bxd3 27. Rh6+ Ke5 28. Kf2 Be4 29. Bxe4 fxe4 30. Ke3 Kxd5 31. Rh5+ Kc6 32. Kxe4
Re8+ 33. Kd3 Rg8 34. Rf5 d5 35. Kd4 Rg4+ 36. Rf4 Rg6 37. a4 a5 38. Rh4 Rf6 39.
Rf4 Rg6 40. g4 Rh6 41. Rf2 Rh4 42. Rf6+ Kb7 43. Kxd5 Rxg4 44. Rf7+ Ka6 45. Rf3
Rh4 46. h3 b5 47. axb5+ Kxb5 48. Ke6 a4 49. bxa4+ Rxa4 50. Kf5 Kc5 51. Rd3 Ra1
52. h4 Rh1 53. Kg5 Rg1+ 54. Kh6 Kc4 55. Rd7 Kc5 56. h5 Kc6 57. Rg7 Ra1 58. Kg6
Rg1+ 59. Kf7 Rh1 60. Rg6+ Kd5 61. h6 Ke5 62. Kg7 1-0

[Event "13th 4NCL Congress"]
[Site "Wakefield"]
[Date "2017.04.08"]
[Round "2"]
[Board "6"]
[White "Spence, David J"]
[Black "Gardiner, Eric D"]
[Result "1/2-1/2"]
[WhiteElo "2165"]
[BlackElo "1941"]
[PlyCount "55"]
[EventDate "2017.04.07"]
[EventRounds "5"]
[EventCountry "ENG"]

1. e4 d6 2. d4 Nf6 3. Nc3 e5 4. Nf3 Nbd7 5. Bc4 Be7 6. O-O O-O 7. h3 c6 8. a4
Nxe4 9. Nxe4 d5 10. Re1 dxc4 11. dxe5 Nb6 12. Qe2 a5 13. Bf4 Be6 14. Red1 Nd5
15. Bg3 b5 16. Nd4 Qd7 17. f4 b4 18. Bh2 c3 19. b3 f5 20. exf6 Nxf6 21. Ng5 Bd5
22. Nge6 Rfe8 23. f5 Bc5 24. Kh1 Bxd4 25. Rxd4 Rxe6 26. fxe6 Bxg2+ 27. Qxg2
Qxd4 28. Qxc6 1/2-1/2

[Event "13th 4NCL Congress"]
[Site "Wakefield"]
[Date "2017.04.08"]
[Round "2"]
[Board "7"]
[White "Jarmany, John"]
[Black "Modi, Shyam Jagdish"]
[Result "1-0"]
[WhiteElo "2144"]
[BlackElo "1934"]
[PlyCount "55"]
[EventDate "2017.04.07"]
[EventRounds "5"]
[EventCountry "ENG"]

1. d4 Nf6 2. c4 g6 3. Nc3 Bg7 4. e4 d6 5. Nge2 O-O 6. Ng3 c5 7. d5 e6 8. Be2
exd5 9. cxd5 a6 10. a4 b6 11. O-O Re8 12. Bg5 h6 13. Be3 Nbd7 14. Qd2 Kh7 15.
f4 h5 16. e5 dxe5 17. f5 h4 18. fxg6+ fxg6 19. Nge4 Nxe4 20. Nxe4 Nf6 21. Ng5+
Kg8 22. d6 Be6 23. Nxe6 Rxe6 24. Bc4 Qd7 25. Rad1 Rd8 26. Bg5 Ne4 27. Qe3 Nxg5
28. Qxg5 1-0

[Event "13th 4NCL Congress"]
[Site "Wakefield"]
[Date "2017.04.08"]
[Round "2"]
[Board "8"]
[White "Starley, Robert"]
[Black "Bielby, Paul R"]
[Result "1-0"]
[WhiteElo "2088"]
[BlackElo "1939"]
[PlyCount "21"]
[EventDate "2017.04.07"]
[EventRounds "5"]
[EventCountry "ENG"]

1. e4 e5 2. Nf3 Nc6 3. Nc3 Nf6 4. d4 Bb4 5. Nxe5 Nxe5 6. dxe5 Bxc3+ 7. bxc3
Nxe4 8. Qg4 Nc5 9. Qxg7 Rf8 10. Bg5 Ne6 11. Qxf8+ 1-0

[Event "13th 4NCL Congress"]
[Site "Wakefield"]
[Date "2017.04.08"]
[Round "2"]
[Board "9"]
[White "Slinger, Aj (tony)"]
[Black "Shaw, Peter"]
[Result "1/2-1/2"]
[WhiteElo "1910"]
[BlackElo "2086"]
[PlyCount "55"]
[EventDate "2017.04.07"]
[EventRounds "5"]
[EventCountry "ENG"]

1. e4 d6 2. d4 Nf6 3. Nc3 c6 4. g3 Nbd7 5. Bg2 e5 6. Nge2 b5 7. O-O Be7 8. h3
O-O 9. a4 b4 10. Na2 a5 11. c3 c5 12. d5 Ba6 13. b3 bxc3 14. Naxc3 Rb8 15. Qc2
Qc7 16. Bd2 Rfc8 17. Rfc1 Qa7 18. Nb5 Bxb5 19. axb5 Rxb5 20. b4 Rcb8 21. Rxa5
Qb6 22. bxc5 Nxc5 23. Rxb5 Qxb5 24. Nc3 Qb2 25. Be3 Nfd7 26. Qxb2 Rxb2 27. Rb1
Rxb1+ 28. Nxb1 1/2-1/2

[Event "13th 4NCL Congress"]
[Site "Wakefield"]
[Date "2017.04.08"]
[Round "2"]
[Board "10"]
[White "Patrick, David A"]
[Black "Wells, Jonathan C"]
[Result "1/2-1/2"]
[WhiteElo "1883"]
[BlackElo "2018"]
[PlyCount "41"]
[EventDate "2017.04.07"]
[EventRounds "5"]
[EventCountry "ENG"]

1. e4 c5 2. c3 Nf6 3. e5 Nd5 4. d4 cxd4 5. Nf3 e6 6. cxd4 b6 7. Nc3 Bb7 8. Bd3
Be7 9. O-O O-O 10. a3 Nxc3 11. bxc3 Qc7 12. Qc2 h6 13. Nd2 Nc6 14. Ne4 Rac8 15.
Qe2 d6 16. Qg4 Kh8 17. Bxh6 gxh6 18. Qh5 Kg7 19. Qg4+ Kh8 20. Qh5 Kg7 21. Qg4+
 1/2-1/2

[Event "13th 4NCL Congress"]
[Site "Wakefield"]
[Date "2017.04.08"]
[Round "2"]
[Board "11"]
[White "Nicholson, Jim Wr"]
[Black "Sheppard, Derek A"]
[Result "1-0"]
[WhiteElo "2011"]
[BlackElo "1831"]
[PlyCount "101"]
[EventDate "2017.04.07"]
[EventRounds "5"]
[EventCountry "ENG"]

1. d4 Nf6 2. Nf3 g6 3. Bg5 Bg7 4. Nbd2 d5 5. e3 O-O 6. Bd3 Nbd7 7. O-O Re8 8.
c3 e5 9. e4 exd4 10. cxd4 dxe4 11. Nxe4 Nb6 12. Re1 Nbd5 13. Ne5 c6 14. Qf3 Be6
15. Bc4 h6 16. Bxd5 hxg5 17. Bxe6 Rxe6 18. Nxg5 Re7 19. Rad1 Qe8 20. Nd3 Nd5
21. Qg4 Nf6 22. Qh4 Rd8 23. Nf3 Re4 24. Rxe4 Qxe4 25. Qxe4 Nxe4 26. Re1 Nd6 27.
Kf1 Nf5 28. Re4 Nxd4 29. Nxd4 Bxd4 30. Ke2 Kf8 31. g4 Re8 32. Kf3 Rd8 33. b3
Bb6 34. Ke2 Rd4 35. Rxd4 Bxd4 36. Kf3 Ke7 37. Ke4 Bf6 38. f4 Kd6 39. Ne5 Ke6
40. Nf3 c5 41. h4 b5 42. Ng5+ Ke7 43. Kd5 Bd4 44. Ne4 Be3 45. f5 gxf5 46. gxf5
a6 47. h5 b4 48. Kc6 Bd4 49. h6 Be3 50. h7 Bd4 51. f6+ 1-0

[Event "13th 4NCL Congress"]
[Site "Wakefield"]
[Date "2017.04.08"]
[Round "2"]
[Board "12"]
[White "Hilton, Tim"]
[Black "Willow, Jonah B"]
[Result "0-1"]
[WhiteElo "1816"]
[BlackElo "1993"]
[PlyCount "66"]
[EventDate "2017.04.07"]
[EventRounds "5"]
[EventCountry "ENG"]

1. c4 c5 2. g3 Nc6 3. Bg2 g6 4. Nc3 Bg7 5. Nf3 e6 6. d3 Nge7 7. Bg5 h6 8. Bd2
O-O 9. O-O a6 10. Rb1 Rb8 11. a3 b5 12. cxb5 axb5 13. b4 cxb4 14. axb4 d5 15.
Qc2 Kh7 16. h4 e5 17. e4 d4 18. Nd5 Bg4 19. Qc5 Bxf3 20. Bxf3 Qd7 21. Ra1 Rfd8
22. Ra6 Qc8 23. Rfa1 Bf8 24. Nb6 Qb7 25. Qxb5 Nc8 26. Qc4 Nxb6 27. Rxb6 Qxb6
28. Qxf7+ Bg7 29. h5 Rd6 30. hxg6+ Rxg6 31. Bg2 Rf8 32. Qd7 Kg8 33. Qh3 Rgf6
 0-1

[Event "13th 4NCL Congress"]
[Site "Wakefield"]
[Date "2017.04.08"]
[Round "2"]
[Board "13"]
[White "Adams, Mark A"]
[Black "Modi, Kishan J"]
[Result "0-1"]
[WhiteElo "1977"]
[BlackElo "1640"]
[PlyCount "85"]
[EventDate "2017.04.07"]
[EventRounds "5"]
[EventCountry "ENG"]

1. e4 c5 2. Nf3 d6 3. d4 cxd4 4. Nxd4 Nf6 5. Nc3 g6 6. Be3 Bg7 7. f3 O-O 8. Qd2
Nc6 9. O-O-O d5 10. Qf2 e5 11. Nxc6 bxc6 12. exd5 cxd5 13. Bc5 Be6 14. Qh4 Rc8
15. Bxf8 Qxf8 16. Qa4 d4 17. Ne4 Nd5 18. g4 f5 19. Ng5 Bh6 20. h4 fxg4 21. Rd2
Bxg5 22. hxg5 gxf3 23. Qxa7 Rc7 24. Qa6 Bc8 25. Qa4 Ne3 26. Rf2 Nxf1 27. Rhxf1
Bb7 28. Rxf3 Bxf3 29. Qb3+ Qf7 30. Qb8+ Kg7 31. Rxf3 Qe7 32. Qb6 Qxg5+ 33. Kd1
Qg1+ 34. Kd2 Rxc2+ 35. Kxc2 Qg2+ 36. Kc1 Qxf3 37. Qc7+ Kf6 38. Qxh7 Qe3+ 39.
Kd1 d3 40. Qh8+ Kg5 41. Qd8+ Kg4 42. Qc8+ Kg3 43. Qc3 0-1

[Event "13th 4NCL Congress"]
[Site "Wakefield"]
[Date "2017.04.08"]
[Round "2"]
[Board "14"]
[White "Simpson, Derek"]
[Black "Vickery, Jim E"]
[Result "1/2-1/2"]
[WhiteElo "1621"]
[BlackElo "1963"]
[PlyCount "40"]
[EventDate "2017.04.07"]
[EventRounds "5"]
[EventCountry "ENG"]

1. d4 Nf6 2. Bf4 g6 3. Nc3 d5 4. e3 Bg7 5. Bd3 O-O 6. h4 h5 7. Nb5 Na6 8. c4 c6
9. Nc3 Nb4 10. Be2 Bf5 11. Rc1 dxc4 12. Bxc4 Nbd5 13. Bg5 Nxc3 14. bxc3 Ne4 15.
Ne2 Nxg5 16. hxg5 e5 17. f4 exf4 18. exf4 Qe7 19. Qd2 Rfe8 20. Kf2 b5 1/2-1/2